000 00960nam a2200301 a 4500
001 vtls000808784
003 NLI
005 20210627053856.0
008 110331s1904 enk 001 0 eng
020 _cRs. 21.00
039 9 _y201103311630
_zVargis_01
040 0 _aNLI
_beng
_cVergis_S
_eAACR2
041 0 _aeng
044 _aenk
084 _a148
245 0 0 _aSelect statutes cases and documents to illustrate english constitutional history
_f1660-1832 /
_cedited by C. Great Robertson
250 _a2nd ed.
260 _aLondon :
_bMethuen,
_c1904
300 _axxii, 591, 30 p. ;
_c21 cm.
500 _aIncludes index
651 0 _aGreat Britain
_xConstitutional history
_xSources
_9776982
700 1 _aRobertson, Charles Grant,
_cSir,
_d1869-1948,
_4edt
_9776983
887 _a
901 _aIMP41347 ;
_b25.09.2010
902 _a148 C 199
949 _AVIRTUAITEM
_D10000
_X100
_6IMP000041347ENG
942 _2ddc
_cBKS
999 _aVIRTUA
_c656331
_d656331